000 01029nam a22003017a 4500
001 BR0205762
003 BR-BrBNA
005 20230928101216.0
007 ta
008 230509b bl.||||| |||| 00| 0 por d
040 _aBR-BrBNA
_bpor
_cBiblioteca Nacional de Agricultura
041 _a(Por)
072 _aL73
_b5400
_b4110
090 _ 5400 BR0205762
100 1 _aBraga, C.A. da S.B.
110 1 _aUniversidade Federal de Minas Gerais, Belo Horizonte (Brasil). Escola Veterinária
_0Tese (Doutor em Ciência Animal)
_910845
245 1 _aIsolamento, identificação e perfil de susceptibilidade a antimicrobianos da microbiota periodontal de cães da raça Pastor Alemão
260 3 _aBelo Horizonte, MG (Brasil):
_c2001.
300 _a102 p.
500 _aSummaries (Eng, Por); Bibliography p. 73-77; 10 tables; 33 illus.
650 _aCÃO
650 _aDOENÇA ANIMAL
650 _aPASTOR ALEMÃO
650 _aANTIBIÓTICO
650 _aBACTÉRIA
909 _a202309
_bLucia
_c55
_dLucia Elande
942 _cBK
999 _c64730
_d64730